Ciencia para pasar el otoño / (Registro nro. 32471)
[ vista simple ]
| 000 -CABECERA | |
|---|---|
| campo fijo de control de longitud | 01448cam a2200493 a 4500 |
| 001 - NÚMERO DE CONTROL | |
| campo de control | 32471 |
| 003 - IDENTIFICADOR DEL NÚMERO DE CONTROL | |
| campo de control | AR-RoBPED |
| 005 - FECHA Y HORADE LA ULTIMA TRANSACCION | |
| campo de control | 20260330102104.0 |
| 007 - | |
| campo fijo de control de longitud | ta |
| 008 - ELEMENTOS DE LONGITUD FIJA--INFORMACION GENERAL | |
| campo fijo de control de longitud | 191024s2019 ag a br 001 0 spa |
| 020 ## - ISBN | |
| ISBN | 9789874444226 |
| 040 ## - FUENTE CATALOGADORA | |
| Centro catalogador/agencia de origen | AR-BaBN |
| Convenciones de descripción | aacr |
| 041 ## - IDIOMA | |
| Código de idioma para texto/pista de sonido o título independiente | spa |
| 100 ## - ENCABEZAMIENTO PRINCIPAL--AUTOR PERSONAL | |
| Nombre de persona | Edelsztein, Valeria |
| Fechas nac-muerte | 1982- |
| Función | autora |
| Relator code | aut |
| 9 (RLIN) | 28970 |
| 245 10 - TITULO | |
| Título | Ciencia para pasar el otoño / |
| Mención de responsabilidad | Valeria Edelsztein ; ilustraciones de Javier Reboursin. |
| 260 ## - PUBLICACION | |
| Lugar | Buenos Aires : |
| Editor | Iamiqué, |
| Fecha | 2019. |
| 300 ## - DESCRIPCION FISICA | |
| Extensión | 47 p. : |
| Otros detalles físicos | il. ; |
| Dimensiones | 21 cm. |
| 490 1# - SERIE | |
| Mención de serie | (Ciencia todo el año) |
| 521 1# - NIVEL | |
| Nivel de la audiencia | Edad sugerida desde los 8 a los 108 años. |
| 650 #4 - TERMINO DE MATERIA--CONTROLADO | |
| Término controlado | CIENCIAS DE LA VIDA |
| 9 (RLIN) | 10137 |
| Término controlado | ESTACIONES DEL AÑO |
| 9 (RLIN) | 10163 |
| Término controlado | DIVULGACION CIENTIFICA |
| 9 (RLIN) | 19556 |
| Término controlado | OCEANOS |
| 9 (RLIN) | 2033 |
| Término controlado | HURACANES |
| 9 (RLIN) | 7027 |
| Término controlado | FOTOSINTESIS |
| 9 (RLIN) | 1705 |
| Término controlado | COLORES |
| 9 (RLIN) | 18582 |
| Término controlado | HOJAS |
| 9 (RLIN) | 4364 |
| Término controlado | ARBOLES |
| 9 (RLIN) | 4048 |
| Término controlado | COMPOST |
| 9 (RLIN) | 20 |
| Término controlado | HIBERNACION |
| 9 (RLIN) | 16790 |
| Término controlado | INSECTOS |
| 9 (RLIN) | 2338 |
| Término controlado | ABEJAS |
| 9 (RLIN) | 4412 |
| Término controlado | AVES |
| 9 (RLIN) | 1567 |
| Término controlado | ANIMALES |
| 9 (RLIN) | 4284 |
| 653 ## - Término no controlado | |
| Término propuesto | LAGARTOS |
| Término propuesto | PODA |
| Término propuesto | MARIPOSAS |
| Término propuesto | VENADOS |
| Término propuesto | ARDILLAS |
| Término propuesto | ESTORNUDO |
| 700 1# - ENCABEZAMIENTO SECUNDARIO--AUTOR PERSONAL | |
| Nombre de persona | Reboursin, Javier |
| Fecha de nac-muerte | 1984- |
| Función | il. |
| 9 (RLIN) | 30661 |
| 942 ## - ELEMENTOS KOHA | |
| Fuente de clasificación | Universal Decimal Classification |
| Número Koha | k. 32471 |
| Koha tipo de ítem | Libro |
| Clasificación | 613.13 |
| Pre signatura | I |
| Signatura librística | E 23o |
| Inventario | Inv. 42329 |
| 945 ## - PROCESAMIENTO DE LA INFORMACIÓN LOCAL | |
| Catalogador y fecha | mev 27/03/2026 - cd 30/03/2026 |
| Estado retirado | Estado perdido | Fuente de clasificación | Estado dañado | No se presta | Biblioteca propietaria | Biblioteca de reserva | Fecha de adquisición | Procedencia | Total de préstamos | Signatura topográfica completa | Código de barras (nº de inventario) | Fecha visto por última vez | Catalogador y fecha | Tipo de ítem Koha |
|---|---|---|---|---|---|---|---|---|---|---|---|---|---|---|
| Universal Decimal Classification | Biblioteca Pedagógica Eudoro Díaz | Biblioteca Pedagógica Eudoro Díaz | 27/03/2026 | Compra | I 613.13 E 23 | 42329 | 27/03/2026 | mev 27/03/2026 | Libro |